Vírus SARS-CoV-2 – výskyt, jeho možný monitoring a odstraňovanie z odpadových vôd

Na minha lista:
Detalhes bibliográficos
Autor principal: Biroščáková, Lucia (Author)
Outros Autores: Mackuľak, Tomáš (Thesis advisor)
Formato: Manuscrito Livro
Idioma:eslovaco
Publicado em: 2021
Assuntos:
Acesso em linha:http://is.stuba.sk/zp/portal_zp.pl?podrobnosti=153656
Tags: Adicionar Tag
Sem tags, seja o primeiro a adicionar uma tag!

MARC

LEADER 00000ntm a22000003a 4500
001 stuzp84886
003 SK-STU
005 20210605211059.5
007 ta
008 150427s2015----xo-----f-mn---000-0-slo-d
040 |a STU  |b slo 
041 0 |a slo 
100 1 |a Biroščáková, Lucia  |u 046290  |k Z4  |4 aut  |U FCHPT Ústav chemického a environmentálneho inžinierstva  |T FCHPT Oddelenie environmentálneho inžinierstva  |X 82116  |U C6290  |Y 120  |7 82116 
242 0 1 |a SARS-CoV-2 virus - occurrence, its possible monitoring and removal from wastewater  |y eng 
245 1 0 |a Vírus SARS-CoV-2 – výskyt, jeho možný monitoring a odstraňovanie z odpadových vôd 
260 |c 2021 
650 4 |a odpadové vody  |2 slo 
650 4 |a monitoring  |2 slo 
650 4 |a SARS-CoV-2  |2 slo 
650 4 |a RT-PCR  |2 slo 
650 4 |a časový posun  |2 slo 
650 4 |a wastewater  |2 eng 
650 4 |a monitoring  |2 eng 
650 4 |a SARS-CoV-2  |2 eng 
650 4 |a RT-PCR  |2 eng 
650 4 |a time shift  |2 eng 
700 1 |a Mackuľak, Tomáš  |u 046290  |k Z1  |4 ths  |U FCHPT Ústav chemického a environmentálneho inžinierstva  |T FCHPT Oddelenie environmentálneho inžinierstva  |X 25433  |U C6290  |Y 120  |7 A000025433 
856 4 |u http://is.stuba.sk/zp/portal_zp.pl?podrobnosti=153656